| 000 | 00568nam a2200157Ia 4500 | ||
|---|---|---|---|
| 005 | 20240903011822.0 | ||
| 008 | 240331s9999 xx 000 0 und d | ||
| 020 | _a9555920141 | ||
| 082 |
_bGUI _a658 |
||
| 100 | _aSri Lanka Foundation Institute | ||
| 245 | 0 |
_aGuidelines on meetings, workshops and discussions : _bAdult education workshop No.1 |
|
| 260 |
_aColombo _bSri Lankan Foundation Institute _c1997 |
||
| 300 | _a29 p ., | ||
| 500 | _aThe Contest of this publication are based on a workshop on adult education held at the SLFI on 18 June 1996. this | ||
| 942 | _cL | ||
| 999 |
_c3059 _d3059 |
||